000 01097 a2200253 4500
005 20260410161207.0
008 260410b |||||||| |||| 00| 0 eng d
020 _a9788126317288 (hbk)
037 _cTB
040 _aCRL
_cCRL
041 _2hin
_ahin
084 _aO152,3N69x P9
_qCRL
100 _aकुंदन, संजय
_9860601
245 _aबॉस की पार्टी
250 _aसंस्करण 2
260 _aनयी दिल्ली, भारत:
_bभारतीय ज्ञानपीठ,
_c2009.
300 _a221पृ.
365 _b180.00
_cINR
490 _aलोकोदय ग्रंथमाला: ग्रंथांक 930. सम्पादक रविन्द्र कालिया
650 _aहिन्दी कहानी
650 _aहिन्दी साहित्य
942 _cTB
_2CC
_eसंस्करण 2
_hO152,3N69x P9
999 _c1466675
_d1466675